Normal view MARC view

Entry Nombre personal

Number of records used in: 1

001 - NÚMERO DE CONTROL

  • campo de control: 990

003 - IDENTIFICADOR DE NÚMERO DE CONTROL

  • campo de control: DLC

005 - FECHA Y HORA DE LA ÚLTIMA TRANSACCIÓN

  • campo de control: 20260330110055.0

008 - ELEMENTOS DE DATO DE LONGITUD-FIJA

  • campo de control de longitud fija: 800811n| azannaabn |a aaa

010 ## - NÚMERO DE CONTROL DE LA BIBLIOTECA DEL CONGRESO

  • Número de control de LC: n 50048093

035 ## - NÚMERO DE CONTROL DEL SISTEMA

  • Número de control de sistema: (OCoLC)oca00083169

040 ## - FUENTE DE CATALOGACIÓN

  • Centro catalogador/agencia de origen: DLC
  • Lengua de catalogación: eng
  • Normas de descripción: rda
  • Centro/agencia transcriptor: DLC
  • Centro/agencia modificador: Uk
  • Centro/agencia modificador: DLC
  • Centro/agencia modificador: Uk
  • Centro/agencia modificador: HU
  • Centro/agencia modificador: OCoLC
  • Centro/agencia modificador: ScU

046 ## - FECHAS CON CODIFICACIÓN ESPECIAL

  • Fecha de nacimiento: 1936-12-21
  • Fuente del esquema de fecha: edtf

100 1# - ENCABEZAMIENTO-NOMBRE DE PERSONA

  • Nombre de persona: King, Ross

370 ## - LUGAR ASOCIADO

  • País asociado: Australia
  • Fuente del término: naf

372 ## - CAMPO DE ACTIVIDAD

  • Campo de actividad: Architecture--East Asia
  • Campo de actividad: Architecture--Southeast Asia
  • Fuente del término: lcsh

373 ## - GRUPO ASOCIADO

  • Grupo asociado: University of Melbourne
  • Grupo asociado: University of Sydney
  • Grupo asociado: University of Pennsylvania
  • Fuente del término: naf

374 ## - OCUPACIÓN

  • Ocupación: College teachers
  • Fuente del término: lcsh

377 ## - IDIOMA ASOCIADO

  • Código del idioma: eng

378 ## - FORMA COMPLETA/DESARROLLADA DEL NOMBRE

  • Forma completa/desarrollada del nombre: Ross James

400 1# - TRAZADO DE VÉASE--NOMBRE DE PERSONA

  • Nombre de persona: King, R. J.
  • Forma completa/desarrollada del nombre: (Ross J.)

670 ## - FUENTE DE DATOS ENCONTRADOS

  • Cita de la fuente: Cardew, R.V. Housing in metropolitan areas, 1970:
  • Información encontrada: t.p. (Ross King) p. 1 (footnote cites R.J. King as author of another bk. connected with the Fell Research Project, Univ. of Sydney)

670 ## - FUENTE DE DATOS ENCONTRADOS

  • Cita de la fuente: Brown, T.J. Procedures for landscape assessment and management, 1980:
  • Información encontrada: t.p. (Ross J. King) bibliography (lists 2 papers published in 1978 and 1979 by Australian Road Research Board, Melbourne)

670 ## - FUENTE DE DATOS ENCONTRADOS

  • Cita de la fuente: BL AL recd. 6th Aug. 1996
  • Información encontrada: (Ross James King, born 21st Dec. 1936)

670 ## - FUENTE DE DATOS ENCONTRADOS

  • Cita de la fuente: Seoul, 2018:
  • Información encontrada: ECIP title page (Ross King) data view (professorial fellow in the Faculty of Architecture, Building and Planning at the University of Melbourne, Australia; has written extensively on the cities and communities of East and Southeast Asia; research deals with contested identities in Asian cities and the ways in which architecture, urban design, urban planning, and newer media are mobilized (manipulated, distorted) in such contests)

670 ## - FUENTE DE DATOS ENCONTRADOS

  • Cita de la fuente: The Oxford handbook of the modern slum, 2023:
  • Información encontrada: page xv (Ross King is Emeritus Professor in the Faculty of Architecture Building and Planning at the University of Melbourne. His tertiary education was in architecture at the Universities of Sydney and Pennsylvania)